Państwa z największą średnią wieku - Statystyki

Ogólne statystyki
  • Ten quiz został rozwiązany 55 razy
  • Średni wynik to 18 z 29
Statystyki odpowiedzi
Lp. Wiek Państwo % Poprawnych
2. 49 Japonia
88%
6. 45 Niemcy
84%
23. 42 Francja
82%
7. 45 Hiszpania
82%
3. 48 Włochy
82%
11. 44 Korea Południowa
78%
5. 46 Portugalia
76%
17. 43 Czechy
73%
18. 43 Austria
69%
25. 42 Holandia
69%
13. 44 Litwa
69%
15. 44 Łotwa
69%
27. 42 Szwajcaria
69%
29. 42 Estonia
65%
21. 43 Finlandia
65%
8. 45 Ukraina
65%
9. 45 Grecja
63%
10. 45 Bułgaria
61%
12. 44 Chorwacja
61%
14. 44 Słowenia
59%
4. 47 San Marino
55%
19. 43 Serbia
53%
26. 42 Węgry
51%
16. 44 Liechtenstein
49%
1. 54 Monako
49%
22. 43 Andora
39%
28. 42 Bośnia I Hercegowina
31%
24. 42 Tajwan
31%
20. 43 Singapur
20%
Nie znaleziono quizów pasujących do podanych kryteriów
Rozkład punktacji
Procent ludzi z każdym wynikiem
Percentyl według liczby udzielonych odpowiedzi
Twoja historia wyników
Nie rozwiązałeś tego quizu